000 00526nam a22001577a 4500
003 NUST
038 _aNusrat Nadeem
082 _a200
100 _aArshad, Hamza
_9130585
245 _aAdvanced Detection Technologies for Authenticating Product Integrity Across Industries/
_cHamza Arshad,
264 _aIslamabad:
_bSEECS NUST.
_c2025.
650 _aMS-Artificial Intelligence
_9124951
700 _aSupervisor: Dr. Rizwan Ahmad
_997238
856 _uhttp://10.250.8.41:8080/xmlui/handle/123456789/54770
942 _2ddc
_cSC
999 _c614777
_d614777